000 00413cam a22001337a 4500
008 180718b1996 xxu||||| |||| 00| 0 eng d
082 _aA81x54 91/23/PT4B/2
100 _aCensus of India 1991
245 _aTamil Nadu: religion
260 _aDelhi
_bThe Controller of Publications
_c1996
300 _a109p.
440 _aCensus of India 1991. Series-23, Tamil Nadu. Part IV B (ii)
500 _aContents: Table C-9
999 _c481773
_d481773